| 000 | 00943nam a22003137a 4500 | ||
|---|---|---|---|
| 003 | CHAP | ||
| 005 | 20220329133300.0 | ||
| 008 | 971013s r 00010 d | ||
| 010 | _a4262 | ||
| 011 | _a5234 | ||
| 035 | _a4441 | ||
| 040 | _cCHAP | ||
| 090 | _aR-3327 | ||
| 100 | 0 | 0 |
_aBorys, Michal Wlodzimierz. _913960 |
| 245 | _aSyndrome of pear russetting and splitting | ||
| 500 | _aD53-102 | ||
| 500 | _aSobretiro de: Acta Horticulturae No. 274 (79-91), 1990 | ||
| 590 |
_aBATCH-UPD _b10 _c20130110 _lUCH01 _h2048 |
||
| 590 |
_aBATCH-UPD _b10 _c20130410 _lUCH01 _h1401 |
||
| 590 |
_aBATCH-UPD _b10 _c20130914 _lUCH01 _h0758 |
||
| 590 |
_aCONVERSION _b10 _c20130109 _lUCH01 _h1303 |
||
| 650 | 1 | 4 |
_aDefoliación. _931505 |
| 650 | 1 | 4 |
_aPera _xInjertos. _986974 |
| 650 | 1 | 4 |
_aTejocote _xInjertos. _9112054 |
| 700 | 0 |
_aBustamante OraƱegui, Fernando. _916376 |
|
| 901 | _aBK | ||
| 942 | _cREIMP | ||
| 949 |
_aR-3327 _bBC _cR _d-13985 _eTS1 _i4441 _si |
||
| 999 |
_c4262 _d4262 |
||